[Event "Karl Mala Memorial op-A 16th"]
[Site "Frankfurt"]
[Date "2013.07.12"]
[Round "3"]
[White "Guth, Susanne"]
[Black "Koestler, Peter"]
[Result "0-1"]
[WhiteElo "1731"]
[BlackElo "1919"]
[PlyCount "64"]
[EventDate "2013.07.11"]
[EventType "swiss"]
[EventRounds "7"]
[EventCountry "GER"]
[SourceTitle "EXT 2014"]
[Source "ChessBase"]
[SourceDate "2013.11.20"]
[SourceVersion "1"]
[SourceVersionDate "2013.11.20"]
[SourceQuality "1"]

1. d4 Nf6 2. Nf3 d5 3. Bg5 e6 4. e3 Nbd7 5. Nbd2 c5 6. c3 Qb6 7. Qb3 c4 8. Qxb6 axb6 9. Be2 Bd6 10. 0-0 0-0 11. b3 b5 12. bxc4 bxc4 13. Rfb1 Ra3 14. Rc1 b5 15. Rc2 Nb6 16. Nb1 Ra5 17. Nfd2 Bd7 18. f3 Rfa8 19. e4 Bf8 20. Bf4 Ne8 21. Nf1 Bc6 22. e5 Nc7 23. Bd2 Be8 24. Ne3 f6 25. Bd1 Bg6 26. Rb2 Bxb1 27. Raxb1 Rxa2 28. Nc2 fxe5 29. dxe5 Nd7 30. f4 Nc5 31. Nd4 Rxb2 32. Rxb2 Ra1 0-1

[Event "Rhein Main op-A 15th"]
[Site "Bad Homburg"]
[Date "2012.06.08"]
[Round "4"]
[White "Biegel, Thomas"]
[Black "Guth, Susanne"]
[Result "1-0"]
[WhiteElo "2066"]
[BlackElo "1730"]
[PlyCount "37"]
[EventDate "2012.06.06"]
[EventType "swiss"]
[EventRounds "7"]
[EventCountry "GER"]
[SourceTitle "EXT 2013"]
[Source "ChessBase"]
[SourceDate "2012.11.22"]
[SourceVersion "1"]
[SourceVersionDate "2012.11.22"]
[SourceQuality "1"]

1. d4 d5 2. Nf3 Nf6 3. c4 e6 4. g3 Be7 5. Bg2 0-0 6. 0-0 Nbd7 7. Qc2 dxc4 8. Qxc4 a6 9. Qc2 c5 10. dxc5 Bxc5 11. a3 Qe7 12. b4 Bd6 13. Nbd2 Ra7 14. Nc4 Bb8 15. Be3 Ra8 16. Rad1 Nd5 17. Ng5 N7f6 18. Bc5 Qc7 19. Bd6 1-0

[Event "Rhein Main op-A 15th"]
[Site "Bad Homburg"]
[Date "2012.06.07"]
[Round "2"]
[White "Guth, Susanne"]
[Black "Von Auer, Ulrich"]
[Result "1/2-1/2"]
[WhiteElo "1730"]
[BlackElo "2092"]
[PlyCount "70"]
[EventDate "2012.06.06"]
[EventType "swiss"]
[EventRounds "7"]
[EventCountry "GER"]
[SourceTitle "EXT 2013"]
[Source "ChessBase"]
[SourceDate "2012.11.22"]
[SourceVersion "1"]
[SourceVersionDate "2012.11.22"]
[SourceQuality "1"]

1. d4 Nf6 2. Nf3 g6 3. Bg5 Bg7 4. e3 b6 5. Nbd2 Bb7 6. Bd3 c5 7. c3 d6 8. 0-0 Nbd7 9. Re1 h6 10. Bxf6 Nxf6 11. e4 cxd4 12. cxd4 0-0 13. Qb3 e6 14. Rac1 Qe7 15. Rc2 Rfc8 16. Rec1 Qd8 17. a4 Rxc2 18. Rxc2 Rc8 19. Rc3 d5 20. e5 Ne4 21. Rxc8 Qxc8 22. Qc2 Qxc2 23. Bxc2 Nxd2 24. Nxd2 Ba6 25. f4 Kf8 26. Kf2 Ke7 27. Ke3 Kd7 28. Bd3 Bxd3 29. Kxd3 Bf8 30. Kc3 a5 31. Nb1 Bb4+ 32. Kd3 Kc6 33. Nc3 Bxc3 34. Kxc3 b5 35. b3 bxa4 1/2-1/2

[Event "Hessen-chB"]
[Site "Offenbach"]
[Date "2012.04.06"]
[Round "5"]
[White "Grueneschild, Hildegard"]
[Black "Guth, Susanne"]
[Result "0-1"]
[WhiteElo "1635"]
[BlackElo "1728"]
[PlyCount "74"]
[EventDate "2012.04.05"]
[EventType "swiss"]
[EventRounds "7"]
[EventCountry "GER"]
[SourceTitle "EXT 2013"]
[Source "ChessBase"]
[SourceDate "2012.11.22"]
[SourceVersion "1"]
[SourceVersionDate "2012.11.22"]
[SourceQuality "1"]

1. c4 e6 2. Nc3 Nf6 3. g3 d5 4. e3 dxc4 5. Bxc4 Be7 6. Nf3 0-0 7. d4 Nbd7 8. 0-0 a6 9. Be2 b5 10. a3 c5 11. dxc5 Nxc5 12. Qc2 Bb7 13. Rd1 Qb6 14. b4 Ncd7 15. Bb2 Rac8 16. Qd3 Qc6 17. e4 Rfd8 18. Nd4 Qb6 19. Qe3 Ne5 20. f3 Nc4 21. Bxc4 Rxc4 22. Kf2 Rcxd4 23. Rxd4 Qxd4 24. Ke2 Qxe3+ 25. Kxe3 Nd7 26. Rd1 Nb6 27. Rxd8+ Bxd8 28. Kd3 Bf6 29. Bc1 Nc4 30. Nb1 Bb2 31. Kc2 Bxc1 32. Kxc1 f5 33. Kc2 fxe4 34. Kc3 exf3 35. a4 f2 36. Nd2 Nxd2 37. Kxd2 f1Q 0-1

[Event "Karl Mala Memorial op 14th"]
[Site "Frankfurt"]
[Date "2011.07.10"]
[Round "7"]
[White "Lebermann, Hellmuth"]
[Black "Guth, Susanne"]
[Result "1/2-1/2"]
[WhiteElo "2012"]
[BlackElo "1780"]
[PlyCount "32"]
[EventDate "2011.07.07"]
[EventType "swiss"]
[EventRounds "7"]
[EventCountry "GER"]
[SourceTitle "EXT 2012"]
[Source "ChessBase"]
[SourceDate "2011.11.24"]
[SourceVersion "1"]
[SourceVersionDate "2011.11.24"]
[SourceQuality "1"]

1. e4 c6 2. d4 d5 3. Nc3 dxe4 4. Nxe4 Bf5 5. Ng3 Bg6 6. Nf3 Nd7 7. Bd3 Bxd3 8. Qxd3 e6 9. 0-0 Ngf6 10. Rd1 Be7 11. b3 0-0 12. Bb2 c5 13. c4 cxd4 14. Nxd4 Qb6 15. Qe2 Rfd8 16. Rac1 Nf8 1/2-1/2

[Event "Rhein Main op-A 14th"]
[Site "Bad Homburg"]
[Date "2011.06.22"]
[Round "1"]
[White "Gruettner, Ralf"]
[Black "Guth, Susanne"]
[Result "1-0"]
[WhiteElo "2077"]
[BlackElo "1751"]
[PlyCount "61"]
[EventDate "2011.06.22"]
[EventType "swiss"]
[EventRounds "7"]
[EventCountry "GER"]
[SourceTitle "EXT 2012"]
[Source "ChessBase"]
[SourceDate "2011.11.24"]
[SourceVersion "1"]
[SourceVersionDate "2011.11.24"]
[SourceQuality "1"]

1. d4 d5 2. c4 e6 3. cxd5 exd5 4. Nc3 Nf6 5. Bg5 Be7 6. e3 c6 7. Bd3 Nbd7 8. Nf3 Nf8 9. 0-0 Ne6 10. Bh4 0-0 11. Qc2 g6 12. Rab1 Ng7 13. b4 a6 14. a4 Bf5 15. b5 Bxd3 16. Qxd3 axb5 17. axb5 Nf5 18. Bxf6 Bxf6 19. bxc6 bxc6 20. Qc2 Qc7 21. Nxd5 Qd6 22. Nxf6+ Qxf6 23. Rb6 Rfc8 24. Ne5 Qg5 25. Rxc6 Rxc6 26. Qxc6 Rd8 27. Nf3 Qe7 28. h3 Kg7 29. Rb1 Rd7 30. Qb5 Nd6 31. Qe5+ 1-0

[Event "Rhein Main op 13th"]
[Site "Bad Homburg"]
[Date "2010.06.05"]
[Round "6"]
[White "Guth, Susanne"]
[Black "Varma, Christopher"]
[Result "1-0"]
[WhiteElo "1803"]
[BlackElo "1315"]
[PlyCount "59"]
[EventDate "2010.06.02"]
[EventType "swiss"]
[EventRounds "7"]
[EventCountry "GER"]
[SourceTitle "EXT 2011"]
[Source "ChessBase"]
[SourceDate "2010.11.26"]
[SourceVersion "1"]
[SourceVersionDate "2010.11.26"]
[SourceQuality "1"]

1. e4 e5 2. Nc3 Bc5 3. g3 Nc6 4. Bg2 a6 5. d3 d6 6. Nge2 f5 7. exf5 Bxf5 8. Nd5 Qd7 9. Be3 Bxe3 10. Nxe3 Bh3 11. Bxh3 Qxh3 12. Qd2 Nge7 13. f4 Qe6 14. 0-0 g6 15. fxe5 dxe5 16. Nc3 0-0-0 17. Ne4 Rhf8 18. a3 Nd4 19. Kg2 Ndf5 20. Rac1 h5 21. Rf2 Qc6 22. Nc4 Qd5 23. Rcf1 Rg8 24. Kg1 h4 25. Nf6 Qc5 26. Kg2 hxg3 27. hxg3 Qc6+ 28. Ne4 Qd5 29. Ne3 Rh8 30. Nxd5 1-0

[Event "Rhein Main op 13th"]
[Site "Bad Homburg"]
[Date "2010.06.05"]
[Round "5"]
[White "Rothermel, Tim"]
[Black "Guth, Susanne"]
[Result "1-0"]
[WhiteElo "1754"]
[BlackElo "1803"]
[PlyCount "43"]
[EventDate "2010.06.02"]
[EventType "swiss"]
[EventRounds "7"]
[EventCountry "GER"]
[SourceTitle "EXT 2011"]
[Source "ChessBase"]
[SourceDate "2010.11.26"]
[SourceVersion "1"]
[SourceVersionDate "2010.11.26"]
[SourceQuality "1"]

1. d3 c6 2. g3 d5 3. Bg2 Nf6 4. Nc3 e5 5. e4 d4 6. Nce2 Bd6 7. f4 Bg4 8. Nf3 Nbd7 9. h3 Bxf3 10. Bxf3 Qc7 11. Bd2 0-0-0 12. c3 Bc5 13. cxd4 exd4 14. b4 Bb6 15. a4 a6 16. Rc1 Kb8 17. e5 Ne8 18. b5 axb5 19. axb5 c5 20. Qa4 Kc8 21. Nxd4 Nb8 22. Bg4+ 1-0

[Event "Rhein Main op 13th"]
[Site "Bad Homburg"]
[Date "2010.06.02"]
[Round "1"]
[White "Kropp, Volker"]
[Black "Guth, Susanne"]
[Result "1-0"]
[WhiteElo "2049"]
[BlackElo "1803"]
[PlyCount "47"]
[EventDate "2010.06.02"]
[EventType "swiss"]
[EventRounds "7"]
[EventCountry "GER"]
[SourceTitle "EXT 2011"]
[Source "ChessBase"]
[SourceDate "2010.11.26"]
[SourceVersion "1"]
[SourceVersionDate "2010.11.26"]
[SourceQuality "1"]

1. d4 d5 2. Nf3 Nf6 3. Bf4 e6 4. e3 Be7 5. Bd3 Nbd7 6. Nbd2 0-0 7. Qe2 c5 8. c3 c4 9. Bc2 b5 10. e4 dxe4 11. Nxe4 Nd5 12. Bd2 Bb7 13. h4 N7f6 14. 0-0-0 Rc8 15. Ne5 Ba6 16. g4 b4 17. g5 Nxe4 18. Qxe4 g6 19. h5 bxc3 20. hxg6 cxd2+ 21. Kb1 f5 22. gxf6 Bxf6 23. g7 Bxe5 24. Qxh7+ 1-0

[Event "Karl Mala Memorial op 12th"]
[Site "Frankfurt"]
[Date "2009.07.17"]
[Round "2"]
[White "Guth, Susanne"]
[Black "Geisselmann, Frank"]
[Result "1/2-1/2"]
[WhiteElo "1507"]
[BlackElo "2040"]
[PlyCount "113"]
[EventDate "2009.07.16"]
[EventType "swiss"]
[EventRounds "7"]
[EventCountry "GER"]
[SourceTitle "EXT 2010"]
[Source "ChessBase"]
[SourceDate "2010.11.25"]
[SourceVersion "1"]
[SourceVersionDate "2010.11.25"]
[SourceQuality "1"]

1. e4 d5 2. exd5 Nf6 3. Nf3 Nxd5 4. d4 c6 5. Be2 Bf5 6. c3 e6 7. 0-0 Bd6 8. Re1 Nd7 9. Nbd2 0-0 10. Nc4 Bc7 11. Nfe5 N7b6 12. Ne3 Nxe3 13. Bxe3 Nd5 14. Bd3 Ne7 15. Qc2 Bxe5 16. Bxf5 Bxh2+ 17. Kxh2 Nxf5 18. g3 Qd5 19. Bf4 Rac8 20. a3 b6 21. Qe2 Ne7 22. Rad1 Ng6 23. Bc1 b5 24. Rd3 a5 25. Bd2 Rfe8 26. Qg4 Rcd8 27. f4 Qb3 28. Bc1 c5 29. Qd1 Qxd1 30. Rexd1 c4 31. Rf3 Ne7 32. Rdf1 Nd5 33. Bd2 Rb8 34. R1f2 b4 35. axb4 axb4 36. cxb4 Nxb4 37. Bxb4 Rxb4 38. f5 exf5 39. Rxf5 f6 40. Ra5 Reb8 41. Ra2 Kf7 42. Re2 R4b7 43. Kg2 Rd7 44. Rd2 Ke6 45. Kf3 Rb3+ 46. Kf2 Rd3 47. Rxd3 cxd3 48. Ke3 Rb7 49. Kxd3 Rb3+ 50. Kc4 Rxg3 51. b4 Kd6 52. Ra6+ Kc7 53. b5 Rg1 54. Kd3 Rg5 55. Kc4 Rg1 56. Kd5 Rg5+ 57. Kc4 1/2-1/2

[Event "Karl Mala Memorial op 12th"]
[Site "Frankfurt"]
[Date "2009.07.16"]
[Round "1"]
[White "Walther, Alexander"]
[Black "Guth, Susanne"]
[Result "1/2-1/2"]
[WhiteElo "2010"]
[BlackElo "1507"]
[PlyCount "64"]
[EventDate "2009.07.16"]
[EventType "swiss"]
[EventRounds "7"]
[EventCountry "GER"]
[SourceTitle "EXT 2010"]
[Source "ChessBase"]
[SourceDate "2010.11.25"]
[SourceVersion "1"]
[SourceVersionDate "2010.11.25"]
[SourceQuality "1"]

1. d4 d5 2. Nf3 Nf6 3. Bg5 e6 4. Nbd2 Be7 5. Bxf6 Bxf6 6. e4 dxe4 7. Nxe4 Nd7 8. c3 0-0 9. Qc2 b6 10. 0-0-0 Qe7 11. h4 Bb7 12. g4 g6 13. Bb5 c6 14. Bd3 Rac8 15. h5 c5 16. Bb5 Bxe4 17. Qxe4 cxd4 18. Nxd4 Nc5 19. Qf3 Bxd4 20. Rxd4 Rfd8 21. Rhd1 Rxd4 22. Rxd4 a6 23. Be2 b5 24. Kc2 e5 25. Rd2 Ne6 26. Kb1 Nf4 27. Qe4 Qc5 28. Qe3 Qxe3 29. fxe3 Nxe2 30. Rxe2 Rd8 31. Kc2 Kg7 32. Rf2 Rd7 1/2-1/2

[Event "Main Vogelsberg op 2nd"]
[Site "Grossauheim"]
[Date "2007.06.10"]
[Round "6"]
[White "Guth, Susanne"]
[Black "De Visser, Leon"]
[Result "0-1"]
[WhiteElo "1610"]
[BlackElo "1874"]
[PlyCount "92"]
[EventDate "2007.06.07"]
[EventType "swiss"]
[EventRounds "7"]
[EventCountry "GER"]
[SourceTitle "EXT 2008"]
[Source "ChessBase"]
[SourceDate "2007.11.25"]
[SourceVersion "1"]
[SourceVersionDate "2007.11.25"]
[SourceQuality "1"]

1. e4 e5 2. Nc3 Nc6 3. d3 Bc5 4. Nf3 d6 5. g3 Be6 6. Bg2 h6 7. 0-0 Qd7 8. a3 Nge7 9. Be3 Bb6 10. Bxb6 axb6 11. Qd2 Bh3 12. Ne2 g5 13. d4 Ng6 14. dxe5 Ngxe5 15. Nxe5 Nxe5 16. f4 Bxg2 17. Kxg2 gxf4 18. Nxf4 0-0-0 19. Nd5 h5 20. h3 Qa4 21. b4 Kb8 22. Qc3 Qc6 23. Qxc6 bxc6 24. Ne3 Kc8 25. a4 Kd7 26. a5 bxa5 27. bxa5 Ra8 28. Ra4 Rhb8 29. Rf5 Rb5 30. Rxh5 Nc4 31. Nf5 Ne3+ 32. Kf3 Nxc2 33. Rh7 Rf8 34. a6 Rbb8 35. a7 Ra8 36. h4 c5 37. Ne3 Nd4+ 38. Kf4 Nc6 39. Kf5 Rxa7 40. Rxa7 Nxa7 41. Kf6 Ke8 42. h5 Nc6 43. Rg7 Ne5 44. h6 Rh8 45. h7 Kf8 46. Nc4 Nd7+ 0-1

[Event "Main Vogelsberg op 2nd"]
[Site "Grossauheim"]
[Date "2007.06.08"]
[Round "3"]
[White "Deller, Yannick"]
[Black "Guth, Susanne"]
[Result "0-1"]
[WhiteElo "1208"]
[BlackElo "1610"]
[PlyCount "129"]
[EventDate "2007.06.07"]
[EventType "swiss"]
[EventRounds "7"]
[EventCountry "GER"]
[SourceTitle "EXT 2008"]
[Source "ChessBase"]
[SourceDate "2007.11.25"]
[SourceVersion "1"]
[SourceVersionDate "2007.11.25"]
[SourceQuality "1"]

1. d4 d5 2. c4 e6 3. Nc3 Nf6 4. Bg5 Nbd7 5. e3 Be7 6. Nf3 0-0 7. Be2 dxc4 8. Bxc4 c5 9. dxc5 Nxc5 10. 0-0 a6 11. Qxd8 Rxd8 12. Rfd1 b5 13. Rxd8+ Bxd8 14. Be2 b4 15. Rd1 Bb7 16. Nb1 Bd5 17. a3 a5 18. Nbd2 h6 19. Bf4 Nfd7 20. Nc4 Bf6 21. Rd2 Ne4 22. Rd1 Rc8 23. Nd6 Nxd6 24. Bxd6 Bxb2 25. axb4 a4 26. Bd3 a3 27. Bb1 a2 28. Bxa2 Bxa2 29. Kf1 Nf6 30. Be7 Nd5 31. Bd6 Bb3 32. Rb1 Rc1+ 33. Rxc1 Bxc1 34. Nd4 Bc4+ 35. Kg1 Ba3 36. Nc6 f6 37. e4 Nc3 38. f3 e5 39. Kf2 Kf7 40. Bxe5 Bb5 41. Bxc3 Bxc6 42. Ke3 Ke6 43. Kd4 Kd6 44. Kc4 Bc1 45. b5 Bd7 46. Kb4 Bf4 47. h3 Be3 48. Ka5 Kc7 49. Kb4 Kb6 50. e5 fxe5 51. Bxe5 g6 52. Kc3 Kxb5 53. Kd3 Bc5 54. Bg7 h5 55. Ke4 Bf5+ 56. Kf4 Bd6+ 57. Ke3 Kc4 58. Bf6 Kd5 59. g4 hxg4 60. fxg4 Bb1 61. Kf2 Ke4 62. g5 Bf4 63. Be7 Ba2 64. Kg2 Be6 65. Kf2 0-1

[Event "Main Vogelsberg op 2nd"]
[Site "Grossauheim"]
[Date "2007.06.07"]
[Round "2"]
[White "Guth, Susanne"]
[Black "Schumacher, Tina"]
[Result "1/2-1/2"]
[WhiteElo "1610"]
[BlackElo "1240"]
[PlyCount "71"]
[EventDate "2007.06.07"]
[EventType "swiss"]
[EventRounds "7"]
[EventCountry "GER"]
[SourceTitle "EXT 2008"]
[Source "ChessBase"]
[SourceDate "2007.11.25"]
[SourceVersion "1"]
[SourceVersionDate "2007.11.25"]
[SourceQuality "1"]

1. e4 c6 2. Nc3 d5 3. exd5 cxd5 4. d4 Bf5 5. Nf3 Nf6 6. Bb5+ Nbd7 7. 0-0 e6 8. Bg5 Be7 9. Re1 h6 10. Bxf6 Bxf6 11. Nxd5 0-0 12. Bxd7 Qxd7 13. Nxf6+ gxf6 14. Nh4 Bg6 15. Qd2 Qd5 16. c3 Kh7 17. Re3 Rg8 18. f4 Be4 19. f5 Bxf5 20. Nxf5 Qxf5 21. Rf1 Qg5 22. Qd3+ f5 23. Rg3 Qh4 24. Rff3 Kh8 25. Qe3 Rxg3 26. Rxg3 Rg8 27. Qe5+ Kh7 28. Rxg8 Kxg8 29. g3 Qe4 30. Qxe4 fxe4 31. Kf2 f5 32. c4 Kf7 33. Ke3 Kf6 34. g4 b6 35. h3 Ke7 36. b4 1/2-1/2

[Event "Main Vogelsberg op 2nd"]
[Site "Grossauheim"]
[Date "2007.06.07"]
[Round "1"]
[White "Seifert, Norbert"]
[Black "Guth, Susanne"]
[Result "1-0"]
[WhiteElo "1941"]
[BlackElo "1610"]
[PlyCount "37"]
[EventDate "2007.06.07"]
[EventType "swiss"]
[EventRounds "7"]
[EventCountry "GER"]
[SourceTitle "EXT 2008"]
[Source "ChessBase"]
[SourceDate "2007.11.25"]
[SourceVersion "1"]
[SourceVersionDate "2007.11.25"]
[SourceQuality "1"]

1. d4 d5 2. Nf3 Nf6 3. e3 e6 4. Bd3 Be7 5. Nbd2 0-0 6. 0-0 Nbd7 7. Re1 c5 8. c3 cxd4 9. exd4 a6 10. a4 Re8 11. Ne5 Bd6 12. Ndf3 Qc7 13. Bg5 h6 14. Bh4 Rf8 15. Bc2 Ne8 16. Qd3 f5 17. Ng6 Rf7 18. Rxe6 Nf8 19. Rxe8 1-0